Ten black dots / (Record no. 5721)

MARC details
000 -LEADER
fixed length control field 01054cam a2200337 a 4500
001 - CONTROL NUMBER
control field 5721
003 - CONTROL NUMBER IDENTIFIER
control field FISKH
005 - DATE AND TIME OF LATEST TRANSACTION
control field 20250502085247.0
008 - FIXED-LENGTH DATA ELEMENTS--GENERAL INFORMATION
fixed length control field 850702s1986 nyua j 000 1 eng
010 ## - LIBRARY OF CONGRESS CONTROL NUMBER
LC control number 85014871
020 ## - INTERNATIONAL STANDARD BOOK NUMBER
International Standard Book Number 0688060676
020 ## - INTERNATIONAL STANDARD BOOK NUMBER
International Standard Book Number 0688060684 (lib. bdg.)
040 ## - CATALOGING SOURCE
Original cataloging agency DLC
Transcribing agency DLC
Modifying agency DLC
Language of cataloging eng
050 ## - LIBRARY OF CONGRESS CALL NUMBER
Classification number PZ8.C867
082 ## - DEWEY DECIMAL CLASSIFICATION NUMBER
Classification number 513.211
100 1# - MAIN ENTRY--PERSONAL NAME
Personal name Crews, Donald.
245 10 - TITLE STATEMENT
Title Ten black dots /
Statement of responsibility, etc. Donald Crews.
250 ## - EDITION STATEMENT
Edition statement First Scholastic printing, November 1992.
260 ## - PUBLICATION, DISTRIBUTION, ETC.
Place of publication, distribution, etc. New York :
Name of publisher, distributor, etc. Scholastic,
Date of publication, distribution, etc. 1986.
300 ## - PHYSICAL DESCRIPTION
Extent 29 unnumbered pages ;
Other physical details color illustrations ;
Dimensions 21 cm
500 ## - GENERAL NOTE
General note "Redesigned and revised."
505 ## - FORMATTED CONTENTS NOTE
Formatted contents note G<br/>
520 ## - SUMMARY, ETC.
Summary, etc. A counting book which shows what can be done with ten black dots--one can make a sun, two a fox's eyes, or eight the wheels of a train.
521 8# - TARGET AUDIENCE NOTE
Target audience note 410<br/>
Source Lexile AD <br/>
521 8# - TARGET AUDIENCE NOTE
Target audience note G<br/>
Source Raz-Plus<br/>
650 #1 - SUBJECT ADDED ENTRY--TOPICAL TERM
Topical term or geographic name entry element Counting.
650 #1 - SUBJECT ADDED ENTRY--TOPICAL TERM
Topical term or geographic name entry element Stories in rhyme.
906 ## - LOCAL DATA ELEMENT F, LDF (RLIN)
a 7
b cbc
c orignew
d 1
e ocip
f 19
g y-gencatlg
942 ## - ADDED ENTRY ELEMENTS (KOHA)
Source of classification or shelving scheme Dewey Decimal Classification
Koha item type Books
Suppress in OPAC No
Holdings
Withdrawn status Lost status Source of classification or shelving scheme Damaged status Not for loan Collection Home library Current library Shelving location Date acquired Total Checkouts Full call number Barcode Date last seen Date last checked out Copy number Price effective from Koha item type
    Dewey Decimal Classification     Juvenile Fiction Footprints International School Library Network Toul Kork Campus Footprints International School Library Network Toul Kork Campus TK Primary Library Room(4th Floor), Bookcase 1&2, Shelves 1-16, Dark Blue Books 01/16/2025 1 CRE 513.211 PZ8.C867 FISBK05359 04/02/2026 03/26/2026 1 01/16/2025 Books
    Dewey Decimal Classification     Juvenile Fiction Footprints International School Library Network Toul Kork Campus Footprints International School Library Network Toul Kork Campus TK Primary Library Room(4th Floor), Bookcase 1&2, Shelves 1-16, Dark Blue Books 04/29/2025 2 CRE 513.211 PZ8.C867 FISBK05397 03/26/2026 03/19/2026 2 04/29/2025 Books
    Dewey Decimal Classification     Juvenile Fiction Footprints International School Library Network Toul Kork Campus Footprints International School Library Network Toul Kork Campus TK Primary Library Room(4th Floor), Bookcase 1&2, Shelves 1-16, Dark Blue Books 05/02/2025 2 CRE 513.211 PZ8.C867 FISTK02351 11/20/2025 11/13/2025 3 05/02/2025 Books